|
|
|
|
| LEADER |
00699nab a2200193 i 4500 |
| 001 |
acta23971 |
| 005 |
20210601143125.0 |
| 008 |
161017s1976 hu o 0|| eng d |
| 022 |
|
|
|a 0001-6721
|
| 040 |
|
|
|a SZTE Egyetemi Kiadványok Repozitórium
|b hun
|
| 041 |
|
|
|a eng
|
| 100 |
1 |
|
|a Vozáry Eszter
|
| 245 |
1 |
0 |
|a Transfer of electronic excitation energy in protein-deteregent solutions
|h [elektronikus dokumentum] /
|c Vozáry Eszter
|
| 260 |
|
|
|c 1976
|
| 300 |
|
|
|a 17-24
|
| 490 |
0 |
|
|a Acta physica et chemica
|v 22 No. 1-4
|
| 695 |
|
|
|a Természettudomány, Kémia, Fizika, Biológia
|
| 700 |
0 |
1 |
|a Szalay László
|e aut
|
| 856 |
4 |
0 |
|u http://acta.bibl.u-szeged.hu/23971/1/phys_chem_022_017-024.pdf
|z Dokumentum-elérés
|